Religion and Rabindranath Tagore: (Record no. 85144)

MARC details
000 -LEADER
fixed length control field 01192nam a22002657a 4500
005 - DATE AND TIME OF LATEST TRANSACTION
control field 20170704162531.0
010 ## - LCCN (DPL NO)
LC control number 1516EN07 ENG-110340
020 ## - INTERNATIONAL STANDARD BOOK NUMBER
International Standard Book Number 9780198098966
Terms of availability 495.00
035 ## - SYSTEM CONTROL NUMBER
System control number EN-93872
035 ## - SYSTEM CONTROL NUMBER
System control number B-605023-032
035 ## - SYSTEM CONTROL NUMBER
System control number B-664596
037 ## - SOURCE OF ACQUISITION
Source of stock number/acquisition BSB/ven
037 ## - SOURCE OF ACQUISITION
Source of stock number/acquisition DBAD/PUB
082 ## - DEWEY DECIMAL CLASSIFICATION NUMBER
Classification number 201
245 ## - TITLE STATEMENT
Title Religion and Rabindranath Tagore:
Statement of responsibility, etc translated from the original Bengali with an introduction by Amiza D. Sen
Remainder of title select discourses, addresses, and letters in translation /
260 ## - PUBLICATION, DISTRIBUTION, ETC. (IMPRINT)
Place of publication, distribution, etc New Delhi
Name of publisher, distributor, etc Oxford University Press
Date of publication, distribution, etc 2014
270 ## - ADDRESS
Address YMCA Library Building, 1 Jai Singh Road
City New Delhi
Postal code 110001
300 ## - PHYSICAL DESCRIPTION
Extent lxiii,242p.
Dimensions 23cm(pbk)
500 ## - GENERAL NOTE
General note Includes bibliographical references and index
600 ## - SUBJECT ADDED ENTRY--PERSONAL NAME
Personal name Sen, Amiza D.
700 ## - ADDED ENTRY--PERSONAL NAME
Personal name Sen, Amiya D.
942 ## - ADDED ENTRY ELEMENTS (KOHA)
Source of classification or shelving scheme Dewey Decimal Classification
Item type English Books
Call number suffix REL
Classification part 201
Holdings
Withdrawn status Lost status Not for loan Collection code Home library Current library Date acquired Source of acquisition Cost, normal purchase price Full call number Barcode Copy number Cost, replacement price Koha item type Public note
      Non-fiction Ashok Vihar Ashok Vihar 04/07/2017 BPPD/EN/2015-16/AV/2016-17/388/IN504/20.02.2017/06.03.2017 495.00 201 REL B-664596 1 495.00 English Books  
      Non-fiction Bawana Bawana 08/07/2016 241/25.9.2015/113/16.9.2015/15.10.2015 495.00 201 REL B-605032 1 495.00 English Books  
      Non-fiction Central Library Central Library 08/07/2016 241/25.9.2015/113/16.9.2015/15.10.2015 495.00 201 REL B-605023 1 495.00 English Books  
    Not For Loan Non-fiction D.B.Act.Division D.B.Act.Division 16/06/2014 ENG-110340 495.00 201 REL EN-93872 1 495.00 English Books  
      Non-fiction Janak Puri Janak Puri 08/07/2016 241/25.9.2015/113/16.9.2015/15.10.2015 495.00 201 REL B-605028 1 495.00 English Books  
Written off     Non-fiction Karol Bagh Karol Bagh 08/07/2016 241/25.9.2015/113/16.9.2015/15.10.2015 495.00 201 REL B-605030 1 495.00 English Books Written off on approval by DLB (By Circulation); dtd 20.12.2022
      Non-fiction Kasturba Gandhi Marg Kasturba Gandhi Marg 08/07/2016 241/25.9.2015/113/16.9.2015/15.10.2015 495.00 201 REL B-605025 1 495.00 English Books  
      Non-fiction Narela Narela 08/07/2016 241/25.9.2015/113/16.9.2015/15.10.2015 495.00 201 REL B-605031 1 495.00 English Books  
      Non-fiction Patel Nagar Patel Nagar 08/07/2016 241/25.9.2015/113/16.9.2015/15.10.2015 495.00 201 REL B-605024 1 495.00 English Books  
      Non-fiction Peshwa Road Peshwa Road 08/07/2016 241/25.9.2015/113/16.9.2015/15.10.2015 495.00 201 REL B-605026 1 495.00 English Books  
      Non-fiction Sarojini Nagar Sarojini Nagar 08/07/2016 241/25.9.2015/113/16.9.2015/15.10.2015 495.00 201 REL B-605029 1 495.00 English Books  
      Non-fiction Tri Nagar Tri Nagar 08/07/2016 241/25.9.2015/113/16.9.2015/15.10.2015 495.00 201 REL B-605027 1 495.00 English Books  

© Delhi Public Library
Hit Counter
free hit counter